Geography Quiz

Random Geography or City Quiz
Score 0/20 Timer 06:00
0 Plays Today
Population City % Correct
646,760Lilongwe
100%
584,877Blantyre
75%
175,345Mzuzu
75%
80,932Zomba
62.5%
40,236Mangochi
43.8%
42,555Kasungu
37.5%
24,865Nkhotakota
37.5%
34,207Karonga
31.3%
11,939Luchenza
31.3%
11,619Monkey Bay
31.3%
Population City % Correct
30,052Salima
25%
22,469Liwonde
25%
19,308Mzimba
25%
18,902Balaka
25%
16,483Mulanje
25%
15,608Dedza
25%
11,721Nkhata Bay
25%
21,774Nsanje
12.5%
20,727Rumphi
12.5%
18,305Mchinji
6.3%
Remove Ads.
Support Sporcle.
Get the best of Sporcle when you Go Orange. This ad-free experience offers more features, more stats, and more fun while also helping to support Sporcle. Thank you for becoming a member.

You're not logged in!

Compare scores with friends on all Sporcle quizzes.
OR
Log In

Show Comments

Extras

Top Quizzes Today


Score Distribution

Your Account Isn't Verified!

In order to create a playlist on Sporcle, you need to verify the email address you used during registration. Go to your Sporcle Settings to finish the process.

Report this User

Report this user for behavior that violates our Community Guidelines.

Details: